1430 1662 1940 1255 1455 1232 1544 1086 1354 1780 1598 1823 1053 1240 1964 1042 1188 1267 1032 1678 1302 1944 1272 1470 1164 1326 1791 1345 1985 1459 1019 1342 1206 1336 1131 1726 1925 1280 1700 1823 2000 1626 1296 1633 1557 1229 1594 1785 1179 1039 1135 1744 1434 1255 1774 1998 1225 1563 1595 1803 1288 1729 1604 1683 1634 1093 1487 1828 1862 1055 1160 1409 1676 1909 1166 1423 1744 1337 1665 1130 1743 1067 1062 1150 1979 1560 1257 1525 1940 1205 1145 1562 1780 1236 1920 1744 1591 1891 1707 BCNSPRNW ULIB Ver.6.0+V

เปลี่ยนเป็นภาษาไทย

Change to English
 แสดงรายละเอียดบรรณานุกรม
  กลับหน้าหลัก

Brief Record : Get Marc (ISO 2709) : E-mail record : QR code < ปิดหน้าต่าง
LEADER : 00000nam 2200000uu 4500
001    13399114510
003     ULIB
008    120411s2550||||th 000 0 tha d
020    ^a9749984625
090    ^aนว.^bจ686ห 2550
100 0  ^aเจ้าหญิงผู้เลอโฉม
245 00 ^aหนุ่มแว่นหน้าใสเกี่ยวหัวใจยัยตัวแสบ 1 /^cเจ้าหญิงผู้เลอโฉม
250    ^aพิมพ์ครั้งที่ 1
260    ^aกรุงเทพฯ :^bแจ่มใส,^c2550
300    ^a176 หน้า
710 1  ^aแจ่มใส
945    ^p139^l0^i14046
995    ^aกัณชพร
999    ^aใช้งานได้ทุกระบบ
รายการนี้ยังไม่มีแท็ก
คุณยังไม่ได้ล็อกอิน คุณสามารถมีกิจกรรมร่วมกับเว็บไซต์ได้ แต่ต้องล็อกอินก่อน ::
  ล็อกอิน

รายการสื่อสารสนเทศ

ลำดับที่ ประเภท เลขเรียก/บาร์โค้ด สถานที่ สถานะ
1. นวนิยาย
นวนิยาย
นว. จ686ห 2550  
  Barcode: 14046
ห้องสมุดวิทยาเขตสวรรค์ประชารักษ์
►นวนิยาย
บนชั้น
  ขอยืม

รายการใกล้เคียง
    ผู้แต่ง [เจ้าหญิงผู้เลอโฉม]

BibComment


ยังไม่เคยถูกคอมเมนท์

คอมเมนท์ทรัพยากรรายการนี้
  คอมเมนท์: หนุ่มแว่นหน้าใสเ..


 Copyright 2026. Bcnsprnw @Library